La responsabilidad civil del abogado y del procurador estudio y definicin̤ de la responsabilidad profesional por error de abogado y de procurador : cuantificacin̤ de los daǫs y estudio de la

Detalles Bibliográficos
Autor principal: Mart ̕Mart,̕ Joaquim
Formato: Desconocido
Lenguaje:español
Publicado: Barcelona : Bosch, 2007
Materias:
Acceso en línea:Acceso restringido

MARC

LEADER 00000ny a22000003n 4500
005 20110621182034.0
008 070514s2007 sp s 000 0 spa c
020 |a 8476987749 
035 |a 2039 
040 |a Mpons  |d vlex 
040 |a UMA.RE  |d vlex 
080 |a 347.965.6(460) 
090 |c 1253  |d 1253 
100 1 |a Mart ̕Mart,̕ Joaquim 
245 1 3 |a La responsabilidad civil del abogado y del procurador  |h [Recurso electrn̤ico]  |b estudio y definicin̤ de la responsabilidad profesional por error de abogado y de procurador : cuantificacin̤ de los daǫs y estudio de la 
256 |a Servicio en ln̕ea 
260 |a Barcelona :  |b Bosch,  |c 2007 
300 |a 140 p. ;  |c 22 cm +  |e 1 CD-ROM 
506 1 |a Contenido solo disponible en los productos indicados  |d vLex Global  |d vLex Global (Academic Edition, excluding Law Schools)  |d vLex Global (U.S. Academic Edition, Law Schools)  |d vLex Global (U.S. Academic Edition, excluding Law Schools)  |d vLex Global (Academic Edition, Law Schools) 
650 0 7 |a Responsabilidad civil  |2 Tesauro vLex 
650 0 7 |a Civil  |2 Tesauro vLex 
650 0 7 |a Responsabilidad civil  |2 Tesauro vLex 
650 0 7 |a Responsabilidad profesional  |2 Tesauro vLex 
650 0 7 |a Responsabilidad de abogados  |2 Tesauro vLex 
740 0 |a vLex Libros (Servicios en ln̕ea) 
856 4 0 |u http://vlex.com/source/2039  |z Acceso restringido 
942 |c BOOK